[Event "World Cup 2023 Open"]
[Site "Baku, Azerbaijan"]
[Date "2023.08.02"]
[Round "11.26"]
[White "Amin Bassem (EGY)"]
[Black "Albornoz Cabrera Carlos Daniel (CUB)"]
[Result "1/2-1/2"]
[WhiteFideId "10601457"]
[BlackFideId "3518736"]
[WhiteElo "2694"]
[BlackElo "2591"]

1. Nf3 {[%clk 01:29:43]} {[%emt 00:01:15]} d5 {[%clk 01:30:38]} {[%emt
00:00:24]} 2. g3 {[%clk 01:30:03]} {[%emt 00:00:10]} g6 {[%clk 01:31:03]}
{[%emt 00:00:04]} 3. Bg2 {[%clk 01:30:19]} {[%emt 00:00:14]} Bg7 {[%clk
01:31:29]} {[%emt 00:00:05]} 4. d4 {[%clk 01:30:35]} {[%emt 00:00:14]} Nf6
{[%clk 01:31:48]} {[%emt 00:00:11]} 5. O-O {[%clk 01:30:31]} {[%emt 00:00:34]}
O-O {[%clk 01:32:14]} {[%emt 00:00:04]} 6. c4 {[%clk 01:30:54]} {[%emt
00:00:07]} dxc4 {[%clk 01:32:30]} {[%emt 00:00:14]} 7. Na3 {[%clk 01:31:17]}
{[%emt 00:00:07]} c5 {[%clk 01:32:44]} {[%emt 00:00:15]} 8. Nxc4 {[%clk
01:29:36]} {[%emt 00:02:12]} cxd4 {[%clk 01:33:06]} {[%emt 00:00:08]} 9. Nxd4
{[%clk 01:29:42]} {[%emt 00:00:23]} Ng4 {[%clk 01:33:32]} {[%emt 00:00:04]} 10.
Nb3 {[%clk 01:22:51]} {[%emt 00:07:21]} Nc6 {[%clk 01:33:37]} {[%emt 00:00:25]}
11. Bg5 {[%clk 01:01:09]} {[%emt 00:22:11]} h6 {[%clk 01:22:13]} {[%emt
00:11:55]} 12. Bd2 {[%clk 00:53:59]} {[%emt 00:07:39]} Be6 {[%clk 01:13:39]}
{[%emt 00:09:04]} 13. Rc1 {[%clk 00:53:34]} {[%emt 00:00:55]} Rc8 {[%clk
00:58:55]} {[%emt 00:15:14]} 14. h3 {[%emt 00:15:38]} Nge5 {[%clk 00:49:25]}
{[%emt 00:09:30]} 15. Nxe5 {[%clk 00:39:01]} {[%emt 00:00:24]} Nxe5 {[%clk
00:49:33]} {[%emt 00:00:24]} 16. Nc5 {[%clk 00:35:42]} {[%emt 00:03:49]} Bxa2
{[%clk 00:41:30]} {[%emt 00:08:33]} 17. Bxb7 {[%clk 00:17:23]} {[%emt
00:18:49]} Rxc5 {[%clk 00:34:36]} {[%emt 00:07:24]} 18. Rxc5 {[%clk 00:17:46]}
{[%emt 00:00:07]} Qb6 {[%clk 00:34:59]} {[%emt 00:00:06]} 19. Qa4 {[%clk
00:14:32]} {[%emt 00:03:44]} Qxc5 {[%clk 00:34:02]} {[%emt 00:01:27]} 20. Qxa2
{[%clk 00:15:00]} {[%emt 00:00:02]} Rb8 {[%clk 00:26:00]} {[%emt 00:08:32]} 21.
b4 {[%clk 00:14:48]} {[%emt 00:00:42]} Qc4 {[%clk 00:24:10]} {[%emt 00:02:21]}
22. Qa6 {[%clk 00:14:17]} {[%emt 00:01:00]} Rd8 {[%clk 00:20:27]} {[%emt
00:04:13]} 23. Be3 {[%clk 00:13:31]} {[%emt 00:01:15]} Qxb4 {[%clk 00:20:44]}
{[%emt 00:00:14]} 24. Qxa7 {[%clk 00:13:38]} {[%emt 00:00:23]} Qb5 {[%clk
00:18:08]} {[%emt 00:03:06]} 25. Ba6 {[%clk 00:12:26]} {[%emt 00:01:43]} Qd7
{[%clk 00:17:57]} {[%emt 00:00:41]} 26. Qxd7 {[%clk 00:12:07]} {[%emt
00:00:49]} Rxd7 {[%clk 00:18:03]} {[%emt 00:00:24]} 27. Rc1 {[%clk 00:12:18]}
{[%emt 00:00:18]} Rd6 {[%clk 00:14:47]} {[%emt 00:03:47]} 28. Bb7 {[%clk
00:12:16]} {[%emt 00:00:31]} Kh7 {[%clk 00:12:42]} {[%emt 00:02:35]} 29. Kg2
{[%clk 00:08:33]} {[%emt 00:04:13]} Bf6 {[%clk 00:11:01]} {[%emt 00:02:12]} 30.
Rc5 {[%clk 00:08:34]} {[%emt 00:00:29]} Nd7 {[%clk 00:09:57]} {[%emt 00:01:34]}
31. Rc8 {[%clk 00:08:21]} {[%emt 00:00:43]} Nb6 {[%clk 00:08:48]} {[%emt
00:01:39]} 32. Rc2 {[%clk 00:01:44]} {[%emt 00:07:06]} Nd7 {[%clk 00:06:32]}
{[%emt 00:02:46]} 33. Rc7 {[%clk 00:01:44]} {[%emt 00:00:30]} Nf8 {[%clk
00:06:34]} {[%emt 00:00:28]} 34. Bc8 {[%clk 00:01:00]} {[%emt 00:01:14]} Ne6
{[%clk 00:06:38]} {[%emt 00:00:26]} 35. Rd7 {[%clk 00:00:38]} {[%emt 00:00:51]}
Rxd7 {[%clk 00:06:49]} {[%emt 00:00:20]} 36. Bxd7 {[%clk 00:01:07]} {[%emt
00:00:01]} Nd4 {[%clk 00:06:41]} {[%emt 00:00:37]} 37. Kf1 {[%clk 00:01:33]}
{[%emt 00:00:04]} h5 {[%clk 00:06:31]} {[%emt 00:00:40]} 38. Bd2 {[%clk
00:01:11]} {[%emt 00:00:52]} Kg7 {[%clk 00:06:05]} {[%emt 00:00:56]} 39. e3
{[%clk 00:01:24]} {[%emt 00:00:16]} Nf5 {[%clk 00:05:07]} {[%emt 00:01:29]} 40.
Ke2 {[%clk 00:01:22]} {[%emt 00:00:32]} Nd6 {[%clk 00:05:21]} {[%emt 00:00:16]}
41. Kd3 {[%clk 00:01:41]} {[%emt 00:00:11]} Kf8 {[%clk 00:03:37]} {[%emt
00:02:15]} 42. Bb4 {[%clk 00:01:56]} {[%emt 00:00:14]} h4 {[%clk 00:29:22]}
{[%emt 00:04:45]} 43. g4 {[%clk 00:31:52]} {[%emt 00:00:33]} g5 {[%clk
00:29:39]} {[%emt 00:00:13]} 44. f4 {[%clk 00:26:16]} {[%emt 00:06:07]} Kg7
{[%clk 00:29:07]} {[%emt 00:01:02]} 45. Bc5 {[%clk 00:23:31]} {[%emt 00:03:14]}
Nb7 {[%clk 00:28:08]} {[%emt 00:01:29]} 46. Bb6 {[%clk 00:15:31]} {[%emt
00:08:30]} Nd6 {[%clk 00:28:23]} {[%emt 00:00:16]} 47. Bc6 {[%clk 00:10:19]}
{[%emt 00:05:40]} Kg6 {[%clk 00:26:34]} {[%emt 00:02:21]} 48. Bc5 {[%clk
00:10:20]} {[%emt 00:00:29]} Bg7 {[%clk 00:25:15]} {[%emt 00:01:49]} 49. Ke2
{[%clk 00:09:55]} {[%emt 00:00:54]} Bc3 {[%clk 00:22:18]} {[%emt 00:03:27]} 50.
Bd5 {[%clk 00:08:32]} {[%emt 00:01:53]} Bf6 {[%clk 00:21:51]} {[%emt 00:00:57]}
51. Bb4 {[%clk 00:07:27]} {[%emt 00:01:34]} Bg7 {[%clk 00:21:21]} {[%emt
00:01:01]} 52. Kf3 {[%clk 00:07:15]} {[%emt 00:00:42]} Bf6 {[%clk 00:20:57]}
{[%emt 00:00:54]} 53. Bb3 {[%clk 00:07:25]} {[%emt 00:00:20]} Kg7 {[%clk
00:20:14]} {[%emt 00:01:13]} 54. Bd2 {[%clk 00:04:35]} {[%emt 00:03:20]} Kg6
{[%clk 00:19:02]} {[%emt 00:01:42]} 55. Bc1 {[%clk 00:04:50]} {[%emt 00:00:15]}
Kg7 {[%clk 00:17:03]} {[%emt 00:02:29]} 56. Bd5 {[%clk 00:04:20]} {[%emt
00:01:00]} Kg6 {[%clk 00:15:12]} {[%emt 00:02:21]} 57. Ke2 {[%clk 00:04:23]}
{[%emt 00:00:26]} Bg7 {[%clk 00:14:34]} {[%emt 00:01:09]} 58. Kd3 {[%clk
00:04:25]} {[%emt 00:00:28]} Ba1 {[%clk 00:12:36]} {[%emt 00:02:28]} 59. Bd2
{[%clk 00:04:23]} {[%emt 00:00:32]} Bg7 {[%clk 00:12:35]} {[%emt 00:00:31]} 60.
Be1 {[%clk 00:03:32]} {[%emt 00:01:22]} Ba1 {[%clk 00:12:15]} {[%emt 00:00:50]}
61. Bf2 {[%clk 00:01:24]} {[%emt 00:02:38]} f5 {[%clk 00:09:58]} {[%emt
00:02:47]} 62. Be6 {[%clk 00:00:43]} {[%emt 00:01:11]} fxg4 {[%clk 00:09:53]}
{[%emt 00:00:35]} 63. hxg4 {[%clk 00:00:35]} {[%emt 00:00:39]} Kf6 {[%clk
00:10:06]} {[%emt 00:00:16]} 64. Bd5 {[%clk 00:00:55]} {[%emt 00:00:10]} e5
{[%clk 00:09:19]} {[%emt 00:01:17]} 65. f5 {[%clk 00:00:46]} {[%emt 00:00:39]}
Bb2 {[%clk 00:06:56]} {[%emt 00:02:53]} 66. Be1 {[%clk 00:00:51]} {[%emt
00:00:24]} h3 {[%clk 00:05:07]} {[%emt 00:02:20]} 67. Ke2 {[%clk 00:00:38]}
{[%emt 00:00:43]} e4 {[%clk 00:04:08]} {[%emt 00:01:29]} 68. Kf2 {[%clk
00:00:58]} {[%emt 00:00:05]} Be5 {[%clk 00:03:59]} {[%emt 00:00:44]} 69. Bb4
{[%clk 00:01:20]} {[%emt 00:00:08]} h2 {[%clk 00:04:09]} {[%emt 00:00:20]} 70.
Kg2 {[%clk 00:01:48]} {[%emt 00:00:01]} Kg7 {[%clk 00:03:59]} {[%emt 00:00:40]}
71. Ba5 {[%clk 00:02:04]} {[%emt 00:00:15]} Ne8 {[%clk 00:02:27]} {[%emt
00:02:02]} 72. Bxe4 {[%clk 00:02:21]} {[%emt 00:00:12]} Nf6 {[%clk 00:02:54]}
{[%emt 00:00:04]} 73. Bf3 {[%clk 00:02:47]} {[%emt 00:00:04]} Kh6 {[%clk
00:02:55]} {[%emt 00:00:28]} 74. Bb6 {[%clk 00:01:05]} {[%emt 00:02:12]} Kg7
{[%clk 00:03:16]} {[%emt 00:00:09]} 75. Bc5 {[%clk 00:00:59]} {[%emt 00:00:35]}
Kf7 {[%clk 00:03:06]} {[%emt 00:00:41]} 76. Kh3 {[%clk 00:00:47]} {[%emt
00:00:42]} Nd7 {[%clk 00:02:24]} {[%emt 00:01:12]} 77. Bb4 {[%clk 00:00:45]}
{[%emt 00:00:31]} Nf6 {[%clk 00:02:48]} {[%emt 00:00:06]} 78. Bd2 {[%clk
00:00:36]} {[%emt 00:00:39]} Kg7 {[%clk 00:03:05]} {[%emt 00:00:13]} 79. Kg2
{[%clk 00:00:38]} {[%emt 00:00:28]} Nd7 {[%clk 00:03:12]} {[%emt 00:00:23]} 80.
Bb4 {[%clk 00:00:35]} {[%emt 00:00:33]} Kf7 {[%clk 00:03:03]} {[%emt 00:00:39]}
81. Bd5+ {[%clk 00:00:34]} {[%emt 00:00:31]} Kg7 {[%clk 00:03:32]} 82. Ba5
{[%clk 00:00:34]} {[%emt 00:00:30]} Nf6 {[%clk 00:03:33]} {[%emt 00:00:29]} 83.
Bf3 {[%clk 00:01:01]} {[%emt 00:00:03]} Nd7 {[%clk 00:03:50]} {[%emt 00:00:14]}
84. Bd8 {[%clk 00:01:05]} {[%emt 00:00:26]} Nf6 {[%clk 00:04:12]} {[%emt
00:00:08]} 85. Bb6 {[%clk 00:01:18]} {[%emt 00:00:16]} Kf7 {[%clk 00:02:59]}
{[%emt 00:01:43]} 86. Bd4 {[%clk 00:01:36]} {[%emt 00:00:13]} Bd6 {[%clk
00:02:47]} {[%emt 00:00:42]} 87. Kh3 {[%clk 00:01:04]} {[%emt 00:01:02]} Bc7
{[%clk 00:02:55]} {[%emt 00:00:22]} 88. Bc3 {[%clk 00:00:57]} {[%emt 00:00:37]}
Bd6 {[%clk 00:03:17]} {[%emt 00:00:08]} 89. Kg2 {[%clk 00:00:46]} {[%emt
00:00:41]} Bc7 {[%clk 00:03:42]} {[%emt 00:00:05]} 90. Bd2 {[%clk 00:00:46]}
{[%emt 00:00:30]} Nd7 {[%clk 00:03:23]} {[%emt 00:00:49]} 91. Bd5+ {[%clk
00:00:38]} {[%emt 00:00:37]} Kf6 {[%clk 00:03:33]} {[%emt 00:00:20]} 92. Bc3+
{[%clk 00:00:51]} {[%emt 00:00:17]} Be5 {[%clk 00:03:48]} {[%emt 00:00:15]} 93.
Bd4 {[%clk 00:00:51]} {[%emt 00:00:30]} Nf8 {[%clk 00:03:16]} {[%emt 00:01:03]}
94. Bc6 {[%clk 00:00:55]} {[%emt 00:00:25]} Nh7 {[%clk 00:03:16]} {[%emt
00:00:30]} 95. Bc5 {[%clk 00:00:33]} {[%emt 00:00:51]} Kg7 {[%clk 00:03:28]}
{[%emt 00:00:18]} 96. Bd4 {[%clk 00:00:35]} {[%emt 00:00:28]} Kf6 {[%clk
00:03:57]} 97. Kf2 {[%clk 00:00:37]} {[%emt 00:00:27]} Nf8 {[%clk 00:04:20]}
{[%emt 00:00:09]} 98. Bh1 {[%clk 00:00:34]} {[%emt 00:00:33]} Nd7 {[%clk
00:04:29]} {[%emt 00:00:21]} 99. Kf3 {[%clk 00:00:39]} {[%emt 00:00:25]} Ke7
{[%clk 00:04:39]} {[%emt 00:00:20]} 100. Ke4 {[%clk 00:00:35]} {[%emt
00:00:34]} Kd6 {[%clk 00:05:04]} {[%emt 00:00:06]} 101. f6 {[%clk 00:00:37]}
{[%emt 00:00:28]} Bxd4 {[%clk 00:04:47]} {[%emt 00:00:46]} 102. exd4 {[%clk
00:00:49]} {[%emt 00:00:18]} Ke6 {[%clk 00:05:11]} {[%emt 00:00:06]} 103. f7
{[%clk 00:00:35]} {[%emt 00:00:44]} Nf6+ {[%clk 00:05:39]} {[%emt 00:00:01]}
104. Kf3 {[%clk 00:00:58]} {[%emt 00:00:08]} Kxf7 {[%clk 00:06:05]} {[%emt
00:00:04]} 105. Kg3 {[%clk 00:01:25]} {[%emt 00:00:03]} Ke6 {[%clk 00:06:27]}
{[%emt 00:00:08]} 106. Bf3 {[%clk 00:01:49]} {[%emt 00:00:06]} Kd6 {[%clk
00:06:51]} {[%emt 00:00:06]} 107. Kxh2 {[%clk 00:01:41]} {[%emt 00:00:39]}
Nxg4+ {[%clk 00:07:15]} {[%emt 00:00:06]} 108. Bxg4 {[%clk 00:02:07]} {[%emt
00:00:04]} Kd5 {[%clk 00:07:42]} {[%emt 00:00:03]} 1/2-1/2

[Event "World Cup 2023 Open"]
[Site "Baku, Azerbaijan"]
[Date "2023.08.02"]
[Round "11.27"]
[White "Smirin Ilia (ISR)"]
[Black "Shevchenko Kirill (ROU)"]
[Result "0-1"]
[WhiteFideId "2801990"]
[BlackFideId "14129574"]
[WhiteElo "2595"]
[BlackElo "2694"]

1. c4 {[%clk 01:28:24]} {[%emt 00:02:35]} e6 {[%clk 01:30:47]} {[%emt
00:00:14]} 2. Nc3 {[%clk 01:28:35]} {[%emt 00:00:20]} d5 {[%emt 00:00:07]} 3.
d4 {[%clk 01:28:45]} {[%emt 00:00:18]} Nf6 {[%clk 01:31:35]} {[%emt 00:00:06]}
4. cxd5 {[%clk 01:28:11]} {[%emt 00:01:04]} exd5 {[%clk 01:32:01]} {[%emt
00:00:04]} 5. Bg5 {[%clk 01:28:03]} {[%emt 00:00:38]} Bb4 {[%clk 01:32:16]}
{[%emt 00:00:15]} 6. e3 {[%clk 01:24:54]} {[%emt 00:03:39]} h6 {[%clk
01:32:08]} {[%emt 00:00:38]} 7. Bh4 {[%clk 01:25:12]} {[%emt 00:00:12]} g5
{[%clk 01:32:03]} {[%emt 00:00:35]} 8. Bg3 {[%clk 01:25:19]} {[%emt 00:00:23]}
h5 {[%clk 01:32:16]} {[%emt 00:00:17]} 9. Qa4+ {[%clk 01:20:46]} {[%emt
00:05:03]} Nc6 {[%clk 01:32:38]} {[%emt 00:00:09]} 10. Bb5 {[%clk 01:21:10]}
{[%emt 00:00:06]} Bd7 {[%clk 01:27:41]} {[%emt 00:05:27]} 11. Nge2 {[%clk
01:16:32]} {[%emt 00:05:07]} Ne4 {[%clk 01:19:48]} {[%emt 00:08:23]} 12. f3
{[%clk 01:11:53]} {[%emt 00:05:09]} Bxc3+ {[%clk 00:54:30]} {[%emt 00:25:49]}
13. bxc3 {[%clk 01:11:31]} {[%emt 00:00:52]} Nxg3 {[%clk 00:52:26]} {[%emt
00:02:33]} 14. hxg3 {[%clk 01:11:48]} {[%emt 00:00:13]} Qe7 {[%clk 00:45:22]}
{[%emt 00:07:35]} 15. Kf2 {[%clk 01:11:19]} {[%emt 00:00:58]} O-O-O {[%clk
00:43:45]} {[%emt 00:02:07]} 16. Rae1 {[%clk 00:57:36]} {[%emt 00:14:12]} Rde8
{[%clk 00:42:12]} {[%emt 00:02:03]} 17. Nc1 {[%clk 00:57:41]} {[%emt 00:00:26]}
h4 {[%clk 00:38:24]} {[%emt 00:04:19]} 18. Nd3 {[%clk 00:40:06]} {[%emt
00:18:05]} hxg3+ {[%clk 00:26:38]} {[%emt 00:12:17]} 19. Kxg3 {[%clk 00:40:29]}
{[%emt 00:00:06]} g4 {[%clk 00:22:59]} {[%emt 00:04:10]} 20. Bxc6 {[%clk
00:39:07]} {[%emt 00:01:51]} Bxc6 {[%clk 00:20:55]} {[%emt 00:02:34]} 21. Qxa7
{[%clk 00:36:58]} {[%emt 00:02:38]} Rxh1 {[%clk 00:17:45]} {[%emt 00:03:41]} 22.
Rxh1 {[%clk 00:36:45]} {[%emt 00:00:43]} gxf3 {[%clk 00:17:08]} {[%emt
00:01:08]} 23. Qa8+ {[%clk 00:15:37]} {[%emt 00:21:37]} Kd7 {[%clk 00:17:33]}
{[%emt 00:00:04]} 24. Nc5+ {[%clk 00:16:04]} {[%emt 00:00:03]} Kd6 {[%clk
00:17:53]} {[%emt 00:00:11]} 25. Rh6+ {[%clk 00:16:14]} {[%emt 00:00:20]} f6
{[%clk 00:18:16]} {[%emt 00:00:07]} 26. Qa3 {[%clk 00:16:36]} {[%emt 00:00:08]}
Qg7+ {[%clk 00:16:38]} {[%emt 00:02:08]} 27. Kxf3 {[%clk 00:16:59]} {[%emt
00:00:07]} Qxh6 {[%clk 00:16:54]} {[%emt 00:00:14]} 0-1

[Event "World Cup 2023 Open"]
[Site "Baku, Azerbaijan"]
[Date "2023.08.02"]
[Round "11.28"]
[White "Van Foreest Jorden (NED)"]
[Black "Adly Ahmed (EGY)"]
[Result "1/2-1/2"]
[WhiteFideId "1039784"]
[BlackFideId "10601619"]
[WhiteElo "2693"]
[BlackElo "2596"]

1. c4 {[%clk 01:30:56]} {[%emt 00:00:02]} c5 {[%clk 01:25:42]} {[%emt
00:05:17]} 2. Nf3 {[%clk 01:31:12]} {[%emt 00:00:16]} Nf6 {[%clk 01:25:53]}
{[%emt 00:00:20]} 3. Nc3 {[%clk 01:31:22]} {[%emt 00:00:19]} Nc6 {[%clk
01:22:54]} {[%emt 00:03:30]} 4. d4 {[%clk 01:31:43]} {[%emt 00:00:09]} cxd4
{[%clk 01:21:07]} {[%emt 00:02:18]} 5. Nxd4 {[%clk 01:32:07]} {[%emt 00:00:05]}
g6 {[%clk 01:21:35]} {[%emt 00:00:03]} 6. e4 {[%clk 01:32:19]} {[%emt
00:00:18]} Bg7 {[%clk 01:21:59]} {[%emt 00:00:06]} 7. Be3 {[%clk 01:31:08]}
{[%emt 00:01:41]} Ng4 {[%clk 01:20:53]} {[%emt 00:01:36]} 8. Qxg4 {[%clk
01:30:45]} {[%emt 00:00:53]} Nxd4 {[%clk 01:21:20]} {[%emt 00:00:04]} 9. Qd1
{[%clk 01:30:16]} {[%emt 00:00:58]} Ne6 {[%clk 01:15:14]} {[%emt 00:06:37]} 10.
Qd2 {[%clk 01:28:33]} {[%emt 00:02:13]} Qa5 {[%clk 01:15:13]} {[%emt 00:00:31]}
11. Rc1 {[%clk 01:27:32]} {[%emt 00:01:31]} b6 {[%clk 01:14:14]} {[%emt
00:01:30]} 12. b3 {[%clk 01:17:48]} {[%emt 00:10:14]} Bb7 {[%clk 01:14:35]}
{[%emt 00:00:09]} 13. f3 {[%clk 01:17:41]} {[%emt 00:00:37]} f5 {[%clk
01:13:43]} {[%emt 00:01:23]} 14. exf5 {[%clk 01:16:32]} {[%emt 00:01:39]} gxf5
{[%clk 01:14:05]} {[%emt 00:00:07]} 15. Bd3 {[%clk 01:07:24]} {[%emt 00:09:38]}
f4 {[%clk 00:55:50]} {[%emt 00:18:46]} 16. Bf2 {[%clk 01:06:57]} {[%emt
00:00:57]} Qg5 {[%clk 00:56:17]} {[%emt 00:00:03]} 17. Kf1 {[%clk 00:59:25]}
{[%emt 00:08:02]} Rg8 {[%clk 00:55:07]} {[%emt 00:01:41]} 18. Nd5 {[%clk
00:46:49]} {[%emt 00:13:06]} Be5 {[%clk 00:46:30]} {[%emt 00:09:06]} 19. g4
{[%clk 00:47:02]} {[%emt 00:00:16]} fxg3 {[%clk 00:45:56]} {[%emt 00:01:05]} 20.
Qxg5 {[%clk 00:47:26]} {[%emt 00:00:05]} Nxg5 {[%clk 00:36:35]} {[%emt
00:09:51]} 21. hxg3 {[%clk 00:44:05]} {[%emt 00:03:51]} e6 {[%clk 00:30:10]}
{[%emt 00:06:56]} 22. f4 {[%clk 00:38:30]} {[%emt 00:06:05]} exd5 {[%clk
00:27:43]} {[%emt 00:02:58]} 23. Rh5 {[%clk 00:36:55]} {[%emt 00:02:05]} Bf6
{[%clk 00:19:06]} {[%emt 00:09:07]} 24. fxg5 {[%clk 00:34:55]} {[%emt
00:02:30]} Rxg5 {[%clk 00:19:33]} {[%emt 00:00:04]} 25. Rxh7 {[%clk 00:35:14]}
{[%emt 00:00:10]} dxc4 {[%clk 00:19:10]} {[%emt 00:00:54]} 26. Bxc4 {[%clk
00:35:13]} {[%emt 00:00:31]} Bc6 {[%clk 00:18:59]} {[%emt 00:00:41]} 27. a4
{[%clk 00:31:27]} {[%emt 00:04:16]} Be5 {[%clk 00:17:09]} {[%emt 00:02:20]} 28.
Bb5 {[%clk 00:28:32]} {[%emt 00:03:25]} Bxb5+ {[%clk 00:12:37]} {[%emt
00:05:03]} 29. axb5 {[%clk 00:28:26]} {[%emt 00:00:35]} Bg7 {[%clk 00:12:18]}
{[%emt 00:00:49]} 30. Kg2 {[%clk 00:25:48]} {[%emt 00:03:07]} Kf8 {[%clk
00:11:25]} {[%emt 00:01:24]} 31. Rc7 {[%clk 00:21:00]} {[%emt 00:05:17]} Kg8
{[%clk 00:10:58]} {[%emt 00:00:58]} 32. Rh4 {[%clk 00:21:22]} {[%emt 00:00:07]}
Rxb5 {[%clk 00:10:46]} {[%emt 00:00:43]} 33. Rxd7 {[%clk 00:20:35]} {[%emt
00:01:16]} Rf8 {[%clk 00:11:15]} {[%emt 00:00:02]} 34. Be3 {[%clk 00:18:53]}
{[%emt 00:02:12]} Rf7 {[%clk 00:11:21]} {[%emt 00:00:24]} 35. Rd8+ {[%clk
00:19:18]} {[%emt 00:00:04]} Rf8 {[%clk 00:11:48]} {[%emt 00:00:04]} 36. Rd3
{[%clk 00:19:46]} {[%emt 00:00:02]} Bf6 {[%clk 00:10:47]} {[%emt 00:01:31]} 37.
Rc4 {[%clk 00:17:48]} {[%emt 00:02:27]} Kg7 {[%clk 00:10:16]} {[%emt 00:01:02]}
38. Bf4 {[%clk 00:14:10]} {[%emt 00:04:08]} Rf7 {[%clk 00:08:54]} {[%emt
00:01:52]} 39. Kh3 {[%clk 00:13:49]} {[%emt 00:00:50]} Be5 {[%clk 00:06:55]}
{[%emt 00:02:30]} 40. Bd2 {[%clk 00:13:13]} {[%emt 00:01:06]} Rf6 {[%clk
00:06:17]} {[%emt 00:01:07]} 41. Rd7+ {[%clk 00:12:06]} {[%emt 00:01:37]} Rf7
{[%clk 00:06:25]} {[%emt 00:00:20]} 42. Bh6+ {[%clk 00:11:28]} {[%emt
00:01:11]} Kg6 {[%clk 00:06:54]} {[%emt 00:00:02]} 43. Rg4+ {[%clk 00:08:57]}
{[%emt 00:03:00]} Kf6 {[%clk 00:07:20]} {[%emt 00:00:03]} 44. Rd3 {[%clk
00:08:54]} {[%emt 00:00:33]} Ke6 {[%clk 00:04:28]} {[%emt 00:03:23]} 45. Rg6+
{[%clk 00:05:40]} {[%emt 00:03:43]} Rf6 {[%clk 00:04:44]} {[%emt 00:00:14]} 46.
Rxf6+ {[%clk 00:06:07]} {[%emt 00:00:03]} 1/2-1/2

[Event "World Cup 2023"]
[Site "Baku, Azerbaijan"]
[Date "2023.08.02"]
[Round "11.2"]
[White "Anton Guijarro David (ESP)"]
[Black "Gadimbayli Abdulla (AZE)"]
[Result "1/2-1/2"]
[WhiteFideId "2285525"]
[BlackFideId "13404938"]
[WhiteElo "2691"]
[BlackElo "2483"]

1. Nf3 {[%clk 01:30:54]} {[%emt 00:00:05]} Nf6 {[%clk 01:30:05]} {[%emt
00:00:55]} 2. g3 {[%clk 01:30:47]} {[%emt 00:00:37]} d5 {[%clk 01:28:37]}
{[%emt 00:01:59]} 3. Bg2 {[%clk 01:30:42]} {[%emt 00:00:35]} Bf5 {[%clk
01:24:56]} {[%emt 00:04:10]} 4. c4 {[%clk 01:29:20]} {[%emt 00:01:52]} c6
{[%clk 01:19:32]} {[%emt 00:05:54]} 5. Qb3 {[%clk 01:27:24]} {[%emt 00:02:26]}
Qb6 {[%clk 00:56:26]} {[%emt 00:23:36]} 6. d3 {[%clk 01:26:57]} {[%emt
00:00:57]} e6 {[%clk 00:54:43]} {[%emt 00:02:14]} 7. Be3 {[%clk 01:26:24]}
{[%emt 00:01:01]} Qxb3 {[%clk 00:52:53]} {[%emt 00:02:21]} 8. axb3 {[%clk
01:26:47]} {[%emt 00:00:07]} a6 {[%clk 00:52:40]} {[%emt 00:00:43]} 9. Bd4
{[%clk 01:25:22]} {[%emt 00:01:55]} Nbd7 {[%clk 00:48:13]} {[%emt 00:04:57]} 10.
Bc3 {[%clk 01:24:53]} {[%emt 00:00:59]} h6 {[%clk 00:45:46]} {[%emt 00:02:57]}
11. Nbd2 {[%clk 01:20:33]} {[%emt 00:04:50]} Be7 {[%clk 00:42:59]} {[%emt
00:03:18]} 12. b4 {[%clk 01:12:14]} {[%emt 01:09:01]} O-O {[%clk 00:39:17]}
{[%emt 00:04:11]} 13. O-O {[%clk 01:10:24]} {[%emt 00:02:19]} Rfd8 {[%clk
00:32:16]} {[%emt 00:07:32]} 14. Nd4 {[%clk 00:41:38]} {[%emt 00:29:16]} Bh7
{[%clk 00:28:30]} {[%emt 00:04:16]} 15. cxd5 {[%clk 00:34:15]} {[%emt
00:07:53]} Nxd5 {[%clk 00:24:46]} {[%emt 00:04:14]} 16. Bxd5 {[%clk 00:34:24]}
{[%emt 00:00:21]} exd5 {[%clk 00:16:59]} {[%emt 00:08:17]} 17. N2b3 {[%clk
00:34:27]} {[%emt 00:00:27]} Rab8 {[%clk 00:16:37]} {[%emt 00:00:51]} 18. Rfc1
{[%clk 00:31:20]} {[%emt 00:03:37]} Re8 {[%clk 00:16:38]} {[%emt 00:00:28]} 19.
Rc2 {[%clk 00:29:26]} {[%emt 00:02:24]} Bd6 {[%clk 00:13:12]} {[%emt 00:03:57]}
20. Bd2 {[%clk 00:23:58]} {[%emt 00:05:58]} g5 {[%clk 00:12:51]} {[%emt
00:00:50]} 21. Kg2 {[%clk 00:21:15]} {[%emt 00:03:13]} Re7 {[%clk 00:10:53]}
{[%emt 00:02:29]} 22. f3 {[%clk 00:14:26]} {[%emt 00:07:19]} Rbe8 {[%clk
00:08:06]} {[%emt 00:03:17]} 23. Bc3 {[%clk 00:11:04]} {[%emt 00:03:52]} f6
{[%clk 00:05:30]} {[%emt 00:03:05]} 24. Rd2 {[%clk 00:05:10]} {[%emt 00:06:25]}
Kf7 {[%clk 00:04:47]} {[%emt 00:01:13]} 25. Kf2 {[%clk 00:02:52]} {[%emt
00:02:48]} Ne5 {[%clk 00:04:20]} {[%emt 00:00:57]} 26. Kg2 {[%clk 00:02:09]}
{[%emt 00:01:13]} Nd7 {[%clk 00:04:41]} {[%emt 00:00:09]} 27. Kf2 {[%clk
00:02:34]} {[%emt 00:00:05]} Ne5 {[%clk 00:05:07]} {[%emt 00:00:03]} 28. Kg2
{[%clk 00:02:17]} {[%emt 00:00:47]} Nd7 {[%clk 00:05:06]} {[%emt 00:00:31]} 29.
Kf2 {[%emt 00:00:39]} 1/2-1/2